| 000 | 00624nam a22001817a 4500 | ||
|---|---|---|---|
| 005 | 20251108172524.0 | ||
| 008 | 250721s9999 xx 000 0 ara d | ||
| 082 | 1 | 4 | _a961.2/صلا |
| 100 | 1 | _aصلابي، علي محمد محمد | |
| 245 | 1 | 0 | _aصفحات من تاريخ ليبيا الإسلامي و الشمال الإفريقي / |
| 264 | 1 |
_aعمان : _bدار البيارق، |
|
| 300 | _a400ص | ||
| 490 | 0 | _aصفحات من التاريخ الإسلامي في الشمال الإفريقي;1 | |
| 650 | 1 | 7 | _aالتاريخ الإفريقي |
| 650 | 1 | 7 | _aليبيا |
| 942 |
_2ddc _cBK |
||
| 999 |
_c81507 _d81507 |
||